[Event "Madrid-ch Previa-B"]
[Site "Madrid"]
[Date "2020.02.08"]
[Round "3"]
[White "Marin Aso, Jose Luis"]
[Black "De la Orden Alcocer, Alejandro"]
[Result "1/2-1/2"]
[WhiteElo "1906"]
[BlackElo "2005"]
[PlyCount "45"]
[EventDate "2020.02.06"]
[EventType "swiss"]
[EventRounds "9"]
[EventCountry "ESP"]
[SourceTitle "CBM 195 Extra"]
[Source "ChessBase"]
[SourceDate "2020.05.31"]
[SourceVersion "1"]
[SourceVersionDate "2020.05.31"]
[SourceQuality "1"]

1. c4 Nf6 2. Nc3 d5 3. e3 g6 4. Nf3 Bg7 5. b3 0-0 6. Bb2 c6 7. Be2 Nbd7 8. d4 b6 9. 0-0 Bb7 10. Qc2 e6 11. Rac1 Re8 12. Rfd1 Qe7 13. Bf1 a6 14. Re1 Rac8 15. e4 dxe4 16. Nxe4 Nxe4 17. Qxe4 Qd6 18. Rcd1 Qb8 19. Qh4 c5 20. Be2 Rcd8 21. Rd2 Qc7 22. Red1 Bf6 23. Qh6 1/2-1/2

[Event "Madrid-ch Seniors 50"]
[Site "Madrid"]
[Date "2020.01.15"]
[Round "3"]
[White "Ortiz Landeira, Jose Antonio"]
[Black "De la Orden Alcocer, Alejandro"]
[Result "0-1"]
[WhiteElo "1760"]
[BlackElo "1972"]
[PlyCount "110"]
[EventDate "2020.01.13"]
[EventType "swiss"]
[EventRounds "9"]
[EventCountry "ESP"]
[SourceTitle "CBM 194 Extra"]
[Source "ChessBase"]
[SourceDate "2020.03.31"]
[SourceVersion "1"]
[SourceVersionDate "2020.03.31"]
[SourceQuality "1"]

1. c4 e5 2. Nc3 Nf6 3. d3 d5 4. cxd5 Nxd5 5. Bd2 Be7 6. g3 Nc6 7. Bg2 Nb6 8. Nf3 0-0 9. 0-0 Be6 10. a3 Qd7 11. Be3 f6 12. Bxb6 axb6 13. Nd2 Rab8 14. Qa4 Rfd8 15. Rfe1 Nd4 16. Qxd7 Rxd7 17. Rac1 c6 18. Nf3 Nb3 19. Rcd1 b5 20. Nd2 Nxd2 21. Rxd2 b4 22. axb4 Bxb4 23. Ra1 Rdd8 24. Rdd1 Ra8 25. Rdc1 Bg4 26. Kf1 Be6 27. Ke1 Kf7 28. Kd2 f5 29. Kc2 Kf6 30. b3 Ba3 31. Rd1 Bc5 32. e3 Bb4 33. Kb2 Rxa1 34. Rxa1 Rxd3 35. Rc1 e4 36. h4 g6 37. Bf1 Rd2+ 38. Rc2 Rxc2+ 39. Kxc2 Ke5 40. Be2 h6 41. Kb2 Kf6 42. Kc2 g5 43. hxg5+ Kxg5 44. f4+ exf3 45. Bxf3 Bd6 46. Ne2 Bd5 47. Bxd5 cxd5 48. Kd3 Be5 49. Nf4 Bxf4 50. gxf4+ Kg4 51. Kd4 h5 52. Kxd5 h4 53. Ke5 h3 54. e4 h2 55. exf5 h1Q 0-1

[Event "Madrid-chT 1819"]
[Site "Madrid"]
[Date "2019.02.17"]
[Round "10.5"]
[White "De la Orden Alcocer, Alejandro"]
[Black "Alfaya Marcelo, Roberto"]
[Result "0-1"]
[WhiteElo "1962"]
[BlackElo "2145"]
[PlyCount "74"]
[EventDate "2018.11.17"]
[EventType "team-tourn"]
[EventRounds "14"]
[EventCountry "ESP"]
[SourceTitle "CBM 189 Extra"]
[Source "ChessBase"]
[SourceDate "2019.06.03"]
[SourceVersion "1"]
[SourceVersionDate "2019.06.03"]
[SourceQuality "1"]
[WhiteTeam "San Fernando de Henares"]
[BlackTeam "San Sebastian de los Reyes"]
[WhiteTeamCountry "ESP"]
[BlackTeamCountry "ESP"]

1. Nf3 Nf6 2. c4 b6 3. g3 Bb7 4. Bg2 c5 5. Nc3 g6 6. 0-0 Bg7 7. d4 cxd4 8. Qxd4 d6 9. Nd5 0-0 10. Qh4 Nbd7 11. Ng5 Rb8 12. Rd1 b5 13. Be3 bxc4 14. Bxa7 h6 15. Nxf6+ Nxf6 16. Ne4 Bxe4 17. Bxb8 Qxb8 18. Bxe4 g5 19. Bh7+ Nxh7 20. Qxc4 Rc8 21. Qa6 Nf8 22. Rac1 Rxc1 23. Rxc1 Qxb2 24. Rc8 Qb1+ 25. Kg2 Qe4+ 26. Kg1 Qb1+ 27. Kg2 Qe4+ 28. Kg1 h5 29. a4 h4 30. gxh4 Qg4+ 31. Kf1 gxh4 32. Qc4 Qh3+ 33. Ke1 Qxh2 34. Qg4 Qh1+ 35. Kd2 Qb7 36. Re8 Qb2+ 37. Kd3 Qc3+ 0-1

[Event "Madrid-chT 1819"]
[Site "Madrid"]
[Date "2019.01.27"]
[Round "7.3"]
[White "De la Orden Alcocer, Alejandro"]
[Black "Khamrakulov, Ibragim S"]
[Result "0-1"]
[WhiteElo "1962"]
[BlackElo "2444"]
[PlyCount "70"]
[EventDate "2018.11.17"]
[EventType "team-tourn"]
[EventRounds "14"]
[EventCountry "ESP"]
[SourceTitle "CBM 189 Extra"]
[Source "ChessBase"]
[SourceDate "2019.06.03"]
[SourceVersion "1"]
[SourceVersionDate "2019.06.03"]
[SourceQuality "1"]
[WhiteTeam "San Fernando de Henares"]
[BlackTeam "Villalba 64"]
[WhiteTeamCountry "ESP"]
[BlackTeamCountry "ESP"]

1. c4 c5 2. Nc3 Nc6 3. g3 g6 4. Bg2 Bg7 5. Nf3 e6 6. d3 Nge7 7. h4 h6 8. Be3 Nd4 9. 0-0 0-0 10. Rb1 Nec6 11. Ne1 b6 12. a3 a5 13. a4 Bb7 14. Nb5 d5 15. Nxd4 cxd4 16. Bd2 Ne5 17. b3 Qd7 18. Nf3 Ng4 19. Bc1 Bc6 20. Ba3 Rfb8 21. Qd2 dxc4 22. dxc4 e5 23. Rfd1 Qb7 24. Bb2 Re8 25. Qe1 Rad8 26. Qf1 d3 27. Ne1 e4 28. Bxg7 Kxg7 29. e3 Rd6 30. Bh3 Ne5 31. Rd2 Rf6 32. Rbb2 g5 33. f4 exf3 34. Nxd3 f2+ 35. Nxf2 Nf3+ 0-1

[Event "EU-chT Seniors 50"]
[Site "Walbrzych"]
[Date "2018.04.20"]
[Round "7.3"]
[White "De la Orden Alcocer, Alejandro"]
[Black "Van Herck, Marcel"]
[Result "1/2-1/2"]
[WhiteElo "2013"]
[BlackElo "2061"]
[PlyCount "121"]
[EventDate "2018.04.14"]
[EventType "team-swiss"]
[EventRounds "9"]
[EventCountry "POL"]
[SourceTitle "CBM 184 Extra"]
[Source "ChessBase"]
[SourceDate "2018.06.28"]
[SourceVersion "1"]
[SourceVersionDate "2018.06.28"]
[SourceQuality "1"]
[WhiteTeam "Spain Ruy Lopez 50"]
[BlackTeam "Belgium VSF 50"]
[WhiteTeamCountry "ESP"]
[BlackTeamCountry "BEL"]

1. c4 Nf6 2. Nc3 g6 3. Nf3 Bg7 4. g3 0-0 5. Bg2 c6 6. 0-0 d5 7. cxd5 cxd5 8. d4 Ne4 9. Be3 Nxc3 10. bxc3 Nc6 11. Qc1 Na5 12. Bh6 Bg4 13. Bxg7 Kxg7 14. Qf4 Bxf3 15. Qxf3 e6 16. e4 dxe4 17. Qxe4 Qd6 18. Rac1 Rac8 19. Rfd1 b6 20. Qe2 Nc4 21. Be4 Rfd8 22. Bd3 Qd5 23. Rb1 Nd6 24. Rb3 Rc7 25. Ra3 Rdc8 26. Rc1 b5 27. Ra5 Rxc3 28. Rxc3 Rxc3 29. Qe5+ Qxe5 30. dxe5 Rxd3 31. exd6 Rxd6 32. Rxa7 Rd2 33. a4 bxa4 34. Rxa4 e5 35. Ra7 g5 36. g4 Rd4 37. h3 h5 38. gxh5 Rh4 39. Kg2 Rxh5 40. Kg3 Kg6 41. Ra6+ f6 42. f3 Rh4 43. Rb6 Ra4 44. Rc6 Ra3 45. Kg4 Rd3 46. Ra6 Rd4+ 47. Kg3 Kf5 48. Ra3 Ke6 49. Ra6+ Rd6 50. Ra3 Rd4 51. Ra6+ Kf5 52. Ra3 e4 53. Ra5+ Kg6 54. fxe4 Rxe4 55. Ra6 Rf4 56. Rb6 Re4 57. Ra6 Kf5 58. Ra5+ Re5 59. Ra3 Rb5 60. Rf3+ Kg6 61. h4 1/2-1/2

[Event "EU-chT Seniors 50"]
[Site "Walbrzych"]
[Date "2018.04.14"]
[Round "1.3"]
[White "Fatalibekova, Elena"]
[Black "De la Orden Alcocer, Alejandro"]
[Result "1-0"]
[WhiteElo "2195"]
[BlackElo "2013"]
[PlyCount "59"]
[EventDate "2018.04.14"]
[EventType "team-swiss"]
[EventRounds "9"]
[EventCountry "POL"]
[SourceTitle "CBM 184 Extra"]
[Source "ChessBase"]
[SourceDate "2018.06.28"]
[SourceVersion "1"]
[SourceVersionDate "2018.06.28"]
[SourceQuality "1"]
[WhiteTeam "Russia (Women) 50"]
[BlackTeam "Spain Ruy Lopez 50"]
[WhiteTeamCountry "RUS"]
[BlackTeamCountry "ESP"]

1. d4 g6 2. e4 c6 3. c4 d5 4. e5 Bg7 5. Nc3 Nh6 6. Bf4 f6 7. exf6 exf6 8. cxd5 0-0 9. Bc4 Re8+ 10. Nge2 Kh8 11. 0-0 Bg4 12. f3 Bd7 13. dxc6 Nxc6 14. Ne4 Nf5 15. g4 Nfxd4 16. Nxd4 Qb6 17. Be3 Qxb2 18. Rb1 Qa3 19. Nc2 Qe7 20. Bc5 Qd8 21. Nd6 Ne5 22. f4 Qc7 23. Qd4 Nxc4 24. Rxb7 Qc6 25. Nf7+ Kg8 26. Rxd7 Qe6 27. f5 Qe2 28. Rf2 Qe4 29. Ng5 Qc6 30. Qxc4+ 1-0

[Event "Tres Cantos op 9th"]
[Site "Tres Cantos"]
[Date "2017.06.26"]
[Round "5"]
[White "Martin Duque, Jesus"]
[Black "De la Orden Alcocer, Alejandro"]
[Result "1-0"]
[WhiteElo "2342"]
[BlackElo "2008"]
[PlyCount "105"]
[EventDate "2017.06.22"]
[EventType "swiss"]
[EventRounds "9"]
[EventCountry "ESP"]
[SourceTitle "EXT 2019"]
[Source "ChessBase"]
[SourceDate "2018.10.10"]
[SourceVersion "1"]
[SourceVersionDate "2018.10.10"]
[SourceQuality "1"]

1. e4 Nf6 2. e5 Nd5 3. c4 Nb6 4. d4 d6 5. exd6 exd6 6. Nc3 Nc6 7. Be3 Be7 8. Bd3 Nb4 9. Bb1 0-0 10. b3 Bg5 11. Qh5 h6 12. Bxg5 Qxg5 13. Qxg5 hxg5 14. Nge2 Re8 15. Kd2 c6 16. a3 Na6 17. Bd3 d5 18. c5 Nd7 19. f3 Nc7 20. h4 Ne6 21. hxg5 Nxg5 22. Rh5 f6 23. f4 Nf7 24. Bh7+ Kh8 25. f5 Nf8 26. Bg6+ Kg8 27. Bxf7+ Kxf7 28. b4 Bd7 29. a4 Rab8 30. b5 Re7 31. Rb1 Ree8 32. g4 a6 33. bxa6 bxa6 34. Rhh1 g6 35. Ng3 Kg7 36. a5 Nh7 37. Rb6 Ng5 38. Nce2 gxf5 39. gxf5 Rxb6 40. cxb6 Nf7 41. Nh5+ Kf8 42. Nxf6 Rd8 43. Nxd7+ Rxd7 44. Nf4 Nd6 45. Ng6+ Kg7 46. Ne5 Rb7 47. Rg1+ Kf8 48. Nxc6 Nc4+ 49. Kc3 Nxb6 50. axb6 Rxb6 51. Ne5 Rh6 52. f6 Rh3+ 53. Kb2 1-0

[Event "Mostoles op 8th"]
[Site "Mostoles"]
[Date "2015.07.18"]
[Round "3"]
[White "Del Valle Cirera, Adria"]
[Black "De la Orden Alcocer, Alejandro"]
[Result "1/2-1/2"]
[WhiteElo "2137"]
[BlackElo "2006"]
[PlyCount "66"]
[EventDate "2015.07.16"]
[EventType "swiss"]
[EventRounds "9"]
[EventCountry "ESP"]
[SourceTitle "EXT 2016"]
[Source "ChessBase"]
[SourceDate "2015.10.08"]
[SourceVersion "1"]
[SourceVersionDate "2015.10.08"]
[SourceQuality "1"]

1. e4 c5 2. Ne2 d6 3. g3 f5 4. Bg2 fxe4 5. Bxe4 Nf6 6. Bg2 e5 7. c3 Nc6 8. d4 Bf5 9. 0-0 Be7 10. Qb3 Qb6 11. dxe5 Qxb3 12. axb3 Nxe5 13. Bg5 0-0 14. Bxf6 Rxf6 15. Bxb7 Rb8 16. Bd5+ Kf8 17. Nd2 Bd3 18. Rfe1 Ng4 19. Nf4 Rxf4 20. gxf4 Bh4 21. Ne4 Bxe4 22. Rxe4 Nf6 23. Re6 Nxd5 24. Rxd6 Nxf4 25. Rxa7 Be7 26. Rdd7 Ng6 27. f4 Bf6 28. Rdc7 Nxf4 29. Rxc5 Nd3 30. Rd5 Nxb2 31. b4 Bxc3 32. b5 Bf6 33. Kg2 Nc4 1/2-1/2

[Event "San Sebastian de los Reyes op 16th"]
[Site "San Sebastian"]
[Date "2014.12.03"]
[Round "4"]
[White "De la Orden Alcocer, Alejandro"]
[Black "Aziz Ortego, Omar Luis"]
[Result "1-0"]
[WhiteElo "1959"]
[BlackElo "2103"]
[PlyCount "195"]
[EventDate "2014.11.30"]
[EventType "swiss"]
[EventRounds "9"]
[EventCountry "ESP"]
[SourceTitle "CBM 163 Extra"]
[Source "ChessBase"]
[SourceDate "2014.12.23"]
[SourceVersion "1"]
[SourceVersionDate "2014.12.23"]
[SourceQuality "1"]

1. g3 e5 2. c4 f5 3. d3 Nf6 4. Bg2 g6 5. Nf3 d6 6. Nc3 Bg7 7. 0-0 0-0 8. Rb1 a5 9. a3 h6 10. b4 axb4 11. axb4 g5 12. Bb2 f4 13. Nd2 Nc6 14. Nd5 Nxd5 15. Bxd5+ Kh8 16. b5 Ne7 17. Bg2 Nf5 18. Ra1 Rb8 19. Ne4 b6 20. Ra7 Be6 21. Qc2 Nd4 22. Bxd4 exd4 23. Rfa1 Rf7 24. Nd2 fxg3 25. hxg3 Qe7 26. Ra8 Rbf8 27. Rxf8+ Rxf8 28. Ra8 Rxa8 29. Bxa8 Bg4 30. Bf3 Be6 31. Qa2 Be5 32. Qa8+ Kg7 33. Qe4 Qd7 34. Qc6 Qd8 35. Bh5 Bd7 36. Qe4 Qf6 37. Bg4 Be8 38. Qf5 d5 39. Qe6 Bf7 40. Qd7 Qd6 41. Qxd6 Bxd6 42. cxd5 Bxd5 43. Nc4 Bc5 44. Bd7 Kf6 45. Nd2 Ke7 46. Bc8 Bf7 47. Kg2 Bh5 48. g4 Be8 49. Ba6 Kd8 50. Nc4 c6 51. bxc6 Bxc6+ 52. f3 b5 53. Na5 Kc7 54. Nxc6 Kxc6 55. Kf2 Bb6 56. Ke1 Ba5+ 57. Kd1 Bc3 58. Kc2 b4 59. Bc4 Kd6 60. Kd1 Ke5 61. Bg8 Kf4 62. Bc4 Kg3 63. Bg8 Kh4 64. Bf7 Ba1 65. Kc2 Kg3 66. Kd1 Bc3 67. Bg8 Kf4 68. Bc4 Ke5 69. Kc2 Kf6 70. Kd1 Kg6 71. Kc2 h5 72. gxh5+ Kxh5 73. Be6 Kh4 74. Kd1 Kg3 75. Bc4 Kf4 76. Be6 Ke5 77. Bc4 Kd6 78. Kc2 Kc5 79. Kb3 Be1 80. Ba6 Kd6 81. Bc4 Ke5 82. Kc2 Kf6 83. Kd1 Bg3 84. Bg8 Bd6 85. Bc4 Ke5 86. Bg8 Kf4 87. Bc4 Kg3 88. Bg8 g4 89. fxg4 Kxg4 90. Bd5 Kf4 91. Bg8 Be7 92. Bc4 Ke5 93. Bg8 Kd6 94. Kc2 Kc5 95. Kb3 Kb5 96. Be6 Bg5 97. Bg8 Be3 98. Bf7 1-0

[Event "Azuqueca de Henares op 2nd"]
[Site "Azuqueca de Henares"]
[Date "2014.09.20"]
[Round "8"]
[White "De la Orden Alcocer, Alejandro"]
[Black "Moreno Ibanez, Miguel"]
[Result "0-1"]
[WhiteElo "1950"]
[BlackElo "2212"]
[PlyCount "76"]
[EventDate "2014.09.13"]
[EventType "swiss"]
[EventRounds "9"]
[EventCountry "ESP"]
[SourceTitle "CBM 162 Extra"]
[Source "ChessBase"]
[SourceDate "2014.10.17"]
[SourceVersion "1"]
[SourceVersionDate "2014.10.17"]
[SourceQuality "1"]

1. c4 b6 2. Nf3 Bb7 3. g3 Bxf3 4. exf3 c5 5. Nc3 Nc6 6. Bg2 g6 7. 0-0 Bg7 8. f4 e6 9. Ne4 Qc7 10. Qa4 Nge7 11. a3 0-0 12. Rb1 d5 13. cxd5 exd5 14. Ng5 Rab8 15. d3 b5 16. Qd1 b4 17. Bd2 bxa3 18. bxa3 Rxb1 19. Qxb1 Rb8 20. Qa2 Rb2 21. Bxd5 Rxa2 22. Bxf7+ Kh8 23. Bxa2 h6 24. Ne6 Qd6 25. Bc4 Nd5 26. Re1 Bf6 27. Kg2 Nb6 28. Bb5 c4 29. a4 c3 30. Bc1 Nb4 31. Ba3 Qd5+ 32. Re4 a6 33. Nc7 Qb7 34. Bxb4 c2 35. Nxa6 c1Q 36. Nc5 Qd5 37. Ne6 Nxa4 38. Bc4 Qcxc4 0-1

[Event "Madrid-chT 1314"]
[Site "Madrid"]
[Date "2014.03.15"]
[Round "14.34"]
[White "Contreras Donoso, Juan Francisco"]
[Black "De la Orden Alcocer, Alejandro"]
[Result "0-1"]
[WhiteElo "1819"]
[BlackElo "1932"]
[PlyCount "72"]
[EventDate "2013.11.16"]
[EventType "team-tourn"]
[EventRounds "14"]
[EventCountry "ESP"]
[SourceTitle "EXT 2015"]
[Source "ChessBase"]
[SourceDate "2014.11.20"]
[SourceVersion "1"]
[SourceVersionDate "2014.11.20"]
[SourceQuality "1"]
[WhiteTeam "Villalba 64"]
[BlackTeam "San Fernando de Henares"]
[WhiteTeamCountry "ESP"]
[BlackTeamCountry "ESP"]

1. d4 Nf6 2. Nf3 g6 3. c4 Bg7 4. e3 0-0 5. Nbd2 d5 6. Qc2 Bf5 7. Bd3 Bxd3 8. Qxd3 c6 9. b3 Nbd7 10. 0-0 Re8 11. Bb2 Qb6 12. h3 Rad8 13. Qc2 Qa6 14. Rac1 Rc8 15. c5 Qa5 16. a3 Qc7 17. b4 Ra8 18. Rfe1 h5 19. a4 a6 20. a5 Rad8 21. Ba1 Nh7 22. e4 dxe4 23. Nxe4 Ndf6 24. Nxf6+ Nxf6 25. Ne5 Nd5 26. Qc4 Qc8 27. Re2 Qf5 28. Rce1 Bf6 29. Re3 Rf8 30. Rf3 Qg5 31. Bb2 Qd2 32. Re2 Qxb4 33. Qd3 Bxe5 34. Rxe5 Qxb2 35. Rxh5 Qc1+ 36. Kh2 Nf4 0-1

[Event "San Sebastian de los Reyes op 15th"]
[Site "San Sebastian"]
[Date "2013.12.08"]
[Round "9"]
[White "Quevedo Marin, Manuel"]
[Black "De la Orden Alcocer, Alejandro"]
[Result "1-0"]
[WhiteElo "2167"]
[BlackElo "1931"]
[PlyCount "71"]
[EventDate "2013.11.30"]
[EventType "swiss"]
[EventRounds "9"]
[EventCountry "ESP"]
[SourceTitle "CBM 157 Extra"]
[Source "ChessBase"]
[SourceDate "2013.12.19"]
[SourceVersion "1"]
[SourceVersionDate "2013.12.19"]
[SourceQuality "1"]

1. d4 Nf6 2. Nf3 g6 3. Bg5 Bg7 4. Nbd2 d5 5. e3 0-0 6. Bd3 b6 7. 0-0 c5 8. dxc5 bxc5 9. c4 Ba6 10. Qe2 Nc6 11. a3 d4 12. Rfe1 Re8 13. exd4 Nxd4 14. Nxd4 Qxd4 15. Nb3 Qd6 16. Be3 Rac8 17. Rad1 Qb6 18. Bc2 Bb7 19. f3 Nh5 20. Qf2 Qc7 21. Nxc5 Bc6 22. b4 Be5 23. g3 Nxg3 24. f4 Nh1 25. Qh4 Bf6 26. Qh3 Rcd8 27. Qf1 Bh4 28. Rxd8 Rxd8 29. Rd1 Rxd1 30. Bxd1 e5 31. Bc2 Qc8 32. f5 Qa8 33. Qh3 g5 34. f6 Qf8 35. Qf5 e4 36. Kxh1 1-0

[Event "San Sebastian de los Reyes op 15th"]
[Site "San Sebastian"]
[Date "2013.12.07"]
[Round "8"]
[White "De la Orden Alcocer, Alejandro"]
[Black "Perez Gonzalez, Jesus Miguel"]
[Result "1-0"]
[WhiteElo "1931"]
[BlackElo "1810"]
[PlyCount "103"]
[EventDate "2013.11.30"]
[EventType "swiss"]
[EventRounds "9"]
[EventCountry "ESP"]
[SourceTitle "CBM 157 Extra"]
[Source "ChessBase"]
[SourceDate "2013.12.19"]
[SourceVersion "1"]
[SourceVersionDate "2013.12.19"]
[SourceQuality "1"]

1. c4 Nf6 2. g3 g6 3. Bg2 Bg7 4. Nc3 0-0 5. Rb1 c6 6. e4 d6 7. Nge2 e5 8. 0-0 Be6 9. d3 Qd7 10. b4 Bh3 11. a4 Bxg2 12. Kxg2 d5 13. Ba3 d4 14. Na2 Rc8 15. Qb3 h5 16. h3 Nh7 17. Bc1 b5 18. Bd2 Na6 19. axb5 cxb5 20. c5 Rc6 21. f4 Nc7 22. fxe5 Bxe5 23. Nf4 Bxf4 24. Bxf4 Ne6 25. Qd5 Nf6 26. Qe5 Ne8 27. Bd2 Rd8 28. Bg5 Nxg5 29. Qxg5 Kg7 30. Rf2 f6 31. Qd2 Ra6 32. Rbf1 Qe6 33. Nc1 Ra3 34. Qb2 Ra4 35. Ne2 Qa2 36. Nf4 Qf7 37. Nd5 Rxd5 38. exd5 Qxd5+ 39. Kh2 Nc7 40. Ra1 Rxa1 41. Qxa1 a6 42. Qa5 Ne6 43. Qxa6 Qe5 44. Qd6 Qxd6 45. cxd6 Kf7 46. Ra2 Ng5 47. Kg2 Ke8 48. Ra7 Nf7 49. Re7+ Kf8 50. Re6 Ne5 51. Rxf6+ Kg7 52. Re6 1-0